| 000 | 00347nam a22001217a 4500 | ||
|---|---|---|---|
| 082 | _a332.1 SBP | ||
| 100 | _aState Bank of Pakistan | ||
| 245 |
_aAnnual Report 2004-2005 Volume 1 _bReview of the economy _cState Bank of Pakistan |
||
| 260 |
_aKarachi _bState Bank of Pakistan _c2005 |
||
| 300 | _avarious paging | ||
| 563 | _aP.B | ||
| 942 |
_2ddc _cBK |
||
| 999 |
_c588875 _d588875 |
||